How to prepare for the TOEFL test : (Record no. 11517)
[ view plain ]
| 000 -LEADER | |
|---|---|
| fixed length control field | 01146nam a2200325 a 4500 |
| 001 - CONTROL NUMBER | |
| JCCL Control Number | 11517 |
| 003 - CONTROL NUMBER IDENTIFIER | |
| JCCL marc code | BD-JhCC |
| 005 - DATE AND TIME OF LATEST TRANSACTION | |
| control field | 20211201134022.0 |
| 008 - FIXED-LENGTH DATA ELEMENTS--GENERAL INFORMATION | |
| fixed length control field | 170724s2016 nyua 000 0 eng |
| 020 ## - INTERNATIONAL STANDARD BOOK NUMBER | |
| International Standard Book Number | 0764175009 (book with CDROM) |
| 020 ## - INTERNATIONAL STANDARD BOOK NUMBER | |
| International Standard Book Number | 0764117661 (book only) |
| 020 ## - INTERNATIONAL STANDARD BOOK NUMBER | |
| International Standard Book Number | 0764174673 (book w/compact disks) |
| 020 ## - INTERNATIONAL STANDARD BOOK NUMBER | |
| International Standard Book Number | 0764174681 (cassettes package) |
| 020 ## - INTERNATIONAL STANDARD BOOK NUMBER | |
| International Standard Book Number | 0764174703 (compact disks only package) |
| 035 ## - SYSTEM CONTROL NUMBER | |
| system control number | (BD-JhCC)11517 |
| 040 ## - CATALOGING SOURCE | |
| Original cataloging agency | DLC |
| Transcribing agency | DLC |
| Modifying agency | DLC |
| -- | BD-JhCC |
| 041 ## - LANGUAGE CODE | |
| Language code of Book | eng |
| 050 00 - LIBRARY OF CONGRESS CALL NUMBER | |
| Classification number | PE1128 |
| Item number | .S5 2001 |
| 082 00 - DEWEY DECIMAL CLASSIFICATION NUMBER | |
| Classification number | 428/.0076 |
| DDC Edition number | 21 |
| Author mark and Year | SHA 2016 |
| 100 1# - MAIN ENTRY--PERSONAL NAME | |
| Personal name | Sharpe, Pamela J. |
| 245 10 - TITLE STATEMENT | |
| Title | How to prepare for the TOEFL test : |
| Remainder of title | test of English as a foreign language / |
| Statement of responsibility, etc | Pamela J. Sharpe. |
| 246 14 - VARYING FORM OF TITLE | |
| Title proper/short title | Barron's how to prepare for the TOEFL |
| 250 ## - EDITION STATEMENT | |
| Edition statement | 10th ed. |
| 260 ## - PUBLICATION, DISTRIBUTION, ETC. (IMPRINT) | |
| Place of publication, distribution, etc | Hauppauge, N.Y. : |
| Name of publisher, distributor, etc | Barron's, |
| Date of publication, distribution, etc | c2016. |
| 300 ## - PHYSICAL DESCRIPTION | |
| Pagination | ix, 704 p. : |
| Other physical details | ill. ; |
| Dimensions | 28 cm. + |
| Accompanying material | 1 CD-ROM (4 3/4 in.) |
| 650 #0 - SUBJECT ADDED ENTRY--TOPICAL TERM | |
| Topical term or geographic name as entry element | English language |
| Form subdivision | Textbooks for foreign speakers. |
| 650 #0 - SUBJECT ADDED ENTRY--TOPICAL TERM | |
| Topical term or geographic name as entry element | Test of English as a Foreign Language |
| Form subdivision | Study guides. |
| 650 #0 - SUBJECT ADDED ENTRY--TOPICAL TERM | |
| Topical term or geographic name as entry element | English language |
| General subdivision | Examinations |
| Form subdivision | Study guides. |
| 942 ## - ADDED ENTRY ELEMENTS (KOHA) | |
| Source of classification or shelving scheme | Dewey Decimal Classification |
| Koha item type | Books |
| Koha issues (borrowed), all copies | 1 |
| Source of classification or shelving scheme | Damaged status | Not for loan | Home library | Current library | Shelving location | Date of accession | Total Checkouts | Full call number | Barcode | Date last seen | Date checked out | Copy number | Koha item type |
|---|---|---|---|---|---|---|---|---|---|---|---|---|---|
| Dewey Decimal Classification | JCC Rouf Library | JCC Rouf Library | General Stacks | 07/24/2017 | 4 | 428/.0076 SHA 2016 | 14693 | 09/28/2024 | 09/25/2024 | C-1 | Books |